Ice hockey final goal scorers from Finland - Statistics

General Stats
  • This quiz has been taken 193 times
  • The average score is 9 of 27
Answer Stats
Hint Answer % Correct
World Championships Czechoslovakia 1992 Timo Jutila
75%
World Championships Sweden 1995 Timo Jutila
75%
World Championships Norway 1999 Ville Peltonen
74%
Olympics Torino 2006 Ville Peltonen
74%
World Championships Sweden 1995 Ville Peltonen (3)
74%
World Championships Slovakia 2011 Antti Pihlström
60%
World Championships Slovakia 2011 Jarkko Immonen
58%
World Championships Slovakia 2011 Janne Pesonen
51%
World Championships Slovakia 2011 Niko Kapanen
50%
World Cup 2004 Tuomo Ruutu
48%
World Championships Slovakia 2011 Petteri Nokelainen
45%
Olympics Torino 2006 Kimmo Timonen
36%
World Championships Slovakia 2011 Mika Pyörälä
35%
World Championships Norway 1999 Antti-Jussi Niemi
28%
Olympics Calgary 1988 Janne Ojanen
23%
World Championships Russia 2007 Petri Kontiola
21%
Olympics Calgary 1988 Erkki Lehtonen
17%
World Championships Germany 2001 Juha Ylönen
14%
World Championships Italy 1994 Esa Keskinen
11%
World Championships Germany 2001 Juha Lind
11%
World Championships Norway 1999 Juha Lind (2)
11%
World Championships Russia 2007 Antti Miettinen
9%
World Championships Belarus 2014 Iiro Pakarinen
9%
World Championships Norway 1999 Marko Tuomainen
9%
World Championships Belarus 2014 Olli Palola
9%
World Cup 2004 Riku Hahl
5%
World Championships Czechoslovakia 1992 Timo Peltomaa
5%
No matching quizzes found
Score Distribution
Percent of People with Each Score
Percentile by Number Answered
Your Score History
You have not taken this quiz